[Event "SVR-ch MAT-I 29th"]
[Site "Koblenz"]
[Date "2006.04.09"]
[Round "4"]
[White "Braemigk, Uwe"]
[Black "Frenkel, Vladeslav"]
[Result "1/2-1/2"]
[WhiteElo "2053"]
[BlackElo "2090"]
[PlyCount "29"]
[EventDate "2006.04.07"]
[EventType "tourn"]
[EventRounds "9"]
[EventCountry "GER"]
[SourceTitle "EXT 2009"]
[Source "ChessBase"]
[SourceDate "2008.11.26"]
[SourceVersion "1"]
[SourceVersionDate "2008.11.26"]
[SourceQuality "1"]

1. e4 c5 2. f4 Nc6 3. Nf3 e5 4. fxe5 Nxe5 5. Nc3 Bd6 6. d3 h6 7. Be3 Ng4 8. Bg1 N8f6 9. Qd2 b6 10. 0-0-0 Bb7 11. Be2 Ne5 12. Nxe5 Bxe5 13. Be3 Qe7 14. Bf3 0-0-0 15. Bf4 1/2-1/2